LEADER 01211nam--2200397---450- 001 990002912170203316 005 20070427112810.0 010 $a2-7453-1142-5 035 $a000291217 035 $aUSA01000291217 035 $a(ALEPH)000291217USA01 035 $a000291217 100 $a20070427d2004----km-y0itay50------ba 101 $afre 102 $aFR 105 $a||||||||001yy 200 1 $aDictionnaire de Michel de Montaigne$fpublié sous la direction de Philippe Desan 210 $aParis$cHonoré Champion$d2004 215 $a1057 p.$d24 cm 225 2 $aDictionnaires & references$v14 410 0$12001$aDictionnaires & references$v14 454 1$12001 461 1$1001-------$12001 600 $aMontaigne,$bMichel Eyquem : de$xEnciclopedie e dizionari 676 $a844.3 702 1$aDESAN,$bPhilippe 801 0$aIT$bsalbc$gISBD 912 $a990002912170203316 951 $aVI.4.B. 834$b191904 L.M.$cVI.4.$d00122357 959 $aBK 969 $aUMA 979 $aVITALE$b90$c20070427$lUSA01$h1127 979 $aVITALE$b90$c20070427$lUSA01$h1127 979 $aVITALE$b90$c20070427$lUSA01$h1128 996 $aDictionnaire de Michel de Montaigne$9988640 997 $aUNISA